Statistiken für Alle Pokémon mit "H"

Klicken Sie hier um das Quiz zu spielen!

Allgemein

  • Dieses Quiz wurde 41 mal gespielt
  • Das Durchschnittsergebnis liegt bei 12 aus 29

Antwortstatistiken

TypPokémon% Korrekt
Psycho 🧠Hypno
73%
Kampf 👊Hariyama
67%
Feuer / StahlHeatran
67%
Normal / FlugHabitak
60%
Normal ✳Haspiror
60%
Boden 🏜Hippopotas
60%
Käfer / FlugHonweisel
60%
Pflanze / FlugHoppspross
60%
Pflanze / FlugHubelupf
60%
Boden 🏜Hippoterus
53%
Feuer / FlugHo -Oh
53%
Unlicht / FeuerHundemon
53%
Unlicht / FeuerHunduster
53%
Normal ✳Heiteira
47%
Käfer / GiftHornliu
47%
Wasser 💧Hydropi
40%
Psycho 🧠Hypnomorba
40%
Fee 🧚🏼‍♂️Hokumil
33%
Normal / FlugHoothoot
33%
Feuer 🔥Hopplo
33%
Pflanze /FeuerHalupenjo
27%
Psycho / GeistHoopa
27%
Pflanze / GiftHutsassa
27%
Käfer 🐛Hydragil
27%
Fee 🧚🏼‍♂️Hefel
20%
Gestein ⛰Humanolith
20%
Pflanze / GeistHorrerba
13%
Pflanze / DracheHydrapfel
13%
Wasser 💧Heerashai
7%

Verteilung der Resultate

Perzentil nach korrekt beantworteten Fragen

Anzahl Personen mit jedem Resultat

Ihre Resultats-Entwicklung

Sie haben dieses Quiz noch nicht gespielt